000 00728nam a2200205Ii 4500
003 JO-AjNU
008 230605s9999||||xx |||||||||||||| ||und||
040 _aJO-AjNU
_bara
_erda
_cJO-AjNU
041 _aara
050 1 4 _aDS19.S2422 2009
100 3 _aالصلابي، علي محمد محمد,
_eauthor
_960518
245 0 0 _aالحروب الصليبية المغول(التتار) بين الانتشار والانكسار
250 _aط1
264 3 1 _aالمنصورة: مكتبة الايمان، 2009
300 _a431ص
336 _atext
_btxt
_2rdacontent
337 _aunmediated
_bn
_2rdamedia
338 _avolume
_bnc
_2rdacarrier
650 4 _aالمغول- تاريخ بلاد الشام- تاريخ
_960519
999 _aA27293
_c30861
_d30861